Madame Bovary

Guardado en:
Bibliografiske detaljer
Hovedforfatter: Flaubert, Gustave
Format: Bog
Sprog:Undetermined
Udgivet: San José, Costa Rica Editorial Fernández Arce 1978
Fag:
Tags: Tilføj Tag
Ingen Tags, Vær først til at tagge denne postø!

MARC

LEADER 00000nam a2200000Ia 4500
008 170316s9999 xx 000 0 und d
040 |a cru BVZT 
090 |a 840 F-5m 
100 |a Flaubert, Gustave 
245 |a Madame Bovary 
260 |a San José, Costa Rica 
260 |b Editorial Fernández Arce 
260 |c 1978 
300 |a 310 páginas 
650 |a LITERATURA FRANCESA 
999 |c 7673  |d 7673 
942 |c 15 D  |h 840 F-5m  |2 z